000
00267nam a2200109Ia 4500
008
230907s9999||||xx |||||||||||||| ||und||
082
_a
954.9105
_b
ASA
100
_a
Durrani, M. Asad,
_9
116174
245
0
_a
Pakistan adrift :
300
_a
xx, 273 pages ;
942
_c
BK
999
_c
601502
_d
601502